MARC details
| 000 -CABECERA |
| campo de control de longitud fija |
02366nab a2200349 a 4500 |
| 005 - FECHA Y HORA DE LA ÚLTIMA TRANSACCIÓN |
| campo de control |
20260129090651.0 |
| 008 - ELEMENTOS DE LONGITUD FIJA--INFORMACIÓN GENERAL |
| campo de control de longitud fija |
991125c2015 cu qr n o 000 0 spa d |
| 035 ## - NÚMERO DE CONTROL DEL SISTEMA |
| Número de control de sistema |
UPN01000206048 |
| 040 ## - FUENTE DE LA CATALOGACIÓN |
| Centro catalogador/agencia de origen |
MX-MxUPN |
| Lengua de catalogación |
spa |
| Centro/agencia transcriptor |
MX-MxUPN |
| Normas de descripción |
aacr2 |
| 049 ## - COLECCIÓN |
| Colección |
ART-E |
| 100 1# - ASIENTO PRINCIPAL--NOMBRE PERSONAL |
| Nombre de persona |
Clemente Fernández, Alberto |
| 100 1# - ASIENTO PRINCIPAL--NOMBRE PERSONAL |
| Filiación |
albertocf@ult.edu.cu |
| 100 1# - ASIENTO PRINCIPAL--NOMBRE PERSONAL |
| Nombre de persona |
Cedeño García, Belisario Tomás |
| 100 1# - ASIENTO PRINCIPAL--NOMBRE PERSONAL |
| Filiación |
belisariocg@ult.edu.cu |
| 100 1# - ASIENTO PRINCIPAL--NOMBRE PERSONAL |
| Nombre de persona |
Valledor Estevill, Roberto Fernando |
| 100 1# - ASIENTO PRINCIPAL--NOMBRE PERSONAL |
| Filiación |
rvalledor@ucp.lt.rimed.cu |
| 100 1# - ASIENTO PRINCIPAL--NOMBRE PERSONAL |
| Nombre de persona |
Valdés Tamayo, Pedro Roberto |
| 100 1# - ASIENTO PRINCIPAL--NOMBRE PERSONAL |
| Nombre de persona |
Ávila Aguilera, Yadira de la Caridad |
| 245 10 - MENCIÓN DE TÍTULO |
| Título |
Optimización del reconocimiento visual de palabras en proceso de enseñanza - aprendizaje : una aproximación desde las neurociencias |
| 506 0# - NOTA DE RESTRICCIONES AL ACCESO |
| Limitaciones de acceso |
Acceso abierto |
| 520 3# - NOTA DE RESUMEN, ETC. |
| Sumario, etc. |
En este trabajo se presentan sugerencias didácticas para optimizar el Reconocimiento Visual de Palabras en texto no lineal empleado en presentaciones visuales dentro de procesos de enseñanza - aprendizaje. Esas sugerencias se fundamentan con referentes de neurociencias, como los resultados de estudios neurolingüísticos experimentales relacionados con el efecto de fronteras silábicas, el efecto de las consonantes y el doble procesamiento temprano morfológico y ortográfico de las palabras. Se consideran además elementos de percepción del color, control neural del contraste en la retina y la formación de mapas visuales en la corteza visual. Los resultados mencionados han tenido muy poca sistematización en didáctica, juzgando por la escasez de publicaciones sobre ese tema. La aplicación de las sugerencias propuestas permite disminuir el tiempo y el gasto de energía en el reconocimiento de palabras, lo que contribuye a mejorar la visualización de información para la interacción comunicativa docente - discente durante la presentación de contenidos en la clase. |
| 650 #4 - ASIENTO SECUNDARIO DE MATERIA - TERMINO TEMATICO |
| Término de materia o nombre geográfico como elemento de entrada |
Proceso enseñanza-aprendizaje |
| 9 (RLIN) |
42 |
| 650 #2 - ASIENTO SECUNDARIO DE MATERIA - TERMINO TEMATICO |
| Término de materia o nombre geográfico como elemento de entrada |
Neurociencias |
| 9 (RLIN) |
15751 |
| 653 0# - TERMINO DE INDIZACION - NO CONTROLADO |
| Término no controlado |
Reconocimiento visual de palabras |
| 653 0# - TERMINO DE INDIZACION - NO CONTROLADO |
| Término no controlado |
Visualización de texto |
| 653 0# - TERMINO DE INDIZACION - NO CONTROLADO |
| Término no controlado |
Texto no lineal |
| 773 ## - ENLACE AL DOCUMENTO FUENTE/ENTRADA DE REGISTRO ANFITRIÓN |
| Parte(s) relacionada(s) |
Vol. 6, no. 1 (2015), p. 139-155 |
| Título |
Didasc@lia : didáctica y educación |
| Número Internacional Normalizado para Publicaciones Seriadas |
2224-2643 |
| 856 4# - LOCALIZACIÓN Y ACCESO ELECTRÓNICOS |
| Identificador Uniforme del Recurso |
<a href="https://dialnet.unirioja.es/servlet/articulo?codigo=6629854">https://dialnet.unirioja.es/servlet/articulo?codigo=6629854</a> |
| 902 ## - ELEMENTOS DE DATOS B LOCAL, LDB (RLIN) |
| Creó |
Gloria Jiménez/290126 |
| 905 ## - TIPO DE MATERIAL |
| Tipo de material |
Articulo |
| 942 ## - ELEMENTOS DE PUNTO DE ACCESO ADICIONAL (KOHA) |
| Tipo de ítem Koha |
Artículo Electrónico |